000 00278nam a22001337a 4500
008 170208b xxu||||| |||| 00| 0 eng d
020 _a9780073257761
041 _aeng
080 _a61
100 _a4
101 _aSHM
245 _aMEDICAL ASSISTING
_cBOOTH
942 _2udc
_cBK
999 _c4980
_d4980